=LDR 00000nam 2200000 4500 =001 INLIS000000000026141 =005 20130612124611 =008 ***********************************ind** =035 ##$$0010-061300000026141 =041 ##$$a ind =082 ##$$a 609 =090 ##$$a 609, YEN s =100 ##$$a Yenne, Bill =245 ##$$a 100 adikarya yang mengguncang dunia, Bill Yanne, Morton Grosser =260 ##$$a 2003 $b [s.n] =300 ##$$a x, 204 hlm., ilus., 21 cm =650 ##$$a Penemuan Teknologi =700 ##$$a Grosser, Morton =850 ##$$a NBPNMAT